Equality through privilege (Record no. 613660)

MARC details
000 -LEADER
fixed length control field 00952nam a2200265Ia 4500
003 - CONTROL NUMBER IDENTIFIER
control field OSt
005 - DATE AND TIME OF LATEST TRANSACTION
control field 20220926005408.0
008 - FIXED-LENGTH DATA ELEMENTS--GENERAL INFORMATION
fixed length control field 220923b |||||||| |||| 00| 0 eng d
037 ## - SOURCE OF ACQUISITION
Terms of availability General Book
040 ## - CATALOGING SOURCE
Original cataloging agency RTL
Transcribing agency RTL
Language of cataloging eng
041 ## - LANGUAGE CODE
Source of code eng
Language code of text/sound track or separate title eng
100 ## - MAIN ENTRY--PERSONAL NAME
Personal name Aggarwal Partap C
245 #0 - TITLE STATEMENT
Title Equality through privilege
Remainder of title A study of special privieges of Scheduled of Privileges of Scheduled Castes in Haryana
260 ## - PUBLICATION, DISTRIBUTION, ETC.
Place of publication, distribution, etc. New Delhi
Name of publisher, distributor, etc. Shri Ram Centre IRHS
Date of publication, distribution, etc. 1976
300 ## - PHYSICAL DESCRIPTION
Extent vi, 206p
Dimensions cm.
490 ## - SERIES STATEMENT
Series statement Shri Ram Centre for Industrial Relations and Human Resources
500 ## - GENERAL NOTE
General note Bibliography: P 193-96; Appendix: P 197-99; Index:P,200-06
650 ## - SUBJECT ADDED ENTRY--TOPICAL TERM
Topical term or geographic name entry element Scheduled Castes Tribes
700 ## - ADDED ENTRY--PERSONAL NAME
Personal name Ashraf Mohd. Siddiq
9 (RLIN) 310183
942 ## - ADDED ENTRY ELEMENTS (KOHA)
Classification part Y5926.242.N7, L6
Koha item type General Books
Source of classification or shelving scheme Colon Classification (CC)
Holdings
Withdrawn status Lost status Damaged status Not for loan Home library Current library Date acquired Total Checkouts Full call number Barcode Date last seen Price effective from Koha item type
        Ratan Tata Library Ratan Tata Library 2022-09-26   Y5926.242.N7 L6 RT0490990 2022-09-26 2022-09-26 General Books
Copyright @ Delhi University Library System